Технология строительства подземных сооружений: учебник для вузов; в 3 ч.

Podrobná bibliografie
Hlavní autor: Насонов И. Д. Илья Дмитриевич
Další autoři: Федюкин В. А. Вячеслав Анисимович (редактор), Шуплик М. Н. Михаил Николаевич
Jazyk:ruština
Vydáno: Москва, Недра, 1983
Médium: MixedMaterials Kniha
KOHA link:https://koha.lib.tpu.ru/cgi-bin/koha/opac-detail.pl?biblionumber=290196

MARC

LEADER 00000nam1a2200000 4500
001 290196
005 20231031235907.0
020 |a RU  |b 83-31495 
035 |a (RuTPU)RU\TPU\book\314726 
035 |a RU\TPU\book\317210 
090 |a 290196 
100 |a 20150423d1983 m y0rusy5003 ca 
101 0 |a rus 
102 |a RU 
200 1 |a Технология строительства подземных сооружений  |e учебник для вузов  |e в 3 ч.  |f И. Д. Насонов, В. А. Федюкин, М. Н. Шуплик 
210 |a Москва  |c Недра  |d 1983 
700 1 |a Насонов  |b И. Д.  |g Илья Дмитриевич 
701 1 |a Федюкин  |b В. А.  |g Вячеслав Анисимович 
701 1 |a Шуплик  |b М. Н.  |g Михаил Николаевич 
702 1 |a Насонов  |b И. Д.  |g Илья Дмитриевич  |4 340 
801 1 |a RU  |b 63413507  |c 20110901 
801 2 |a RU  |b 63413507  |c 20180330  |g RCR 
942 |c BK